000 01695nam a2200505 i 4500
001 55756
003 KOSZ 005
005 20200715141415.0
008 080721s2008 pl a f f |000 0 pol
015 _aUWD 2008/20182
020 _a9788323324676
035 _a991043160179705066
035 _a(PL-WaBN)b21637027-48omnis_nlop
035 _ab21637027
035 _a(OCoLC)833168177
035 _a(PL)b0000002163702
035 _a(EXLNZ-48OMNIS_NETWORK)9910475897105606
040 _aWA N
_cWA N
_dKOSZ 005/HR
046 _k2008
080 _a502
080 _a613
080 _a(075.8)
245 0 0 _aWybrane problemy higieny i ekologii człowieka /
_cpod red. Emilii Kolarzyk.
260 _aKraków :
_bWydawnictwo Uniwersytetu Jagiellońskiego,
_c2008.
300 _a340 s. :
_bil., err. ;
_c25 cm.
336 _aTekst
_btxt
_2rdacontent
337 _aBez urządzenia pośredniczącego
_bn
_2rdamedia
338 _aWolumin
_bnc
_2rdacarrier
380 _aKsiążki
380 _aPublikacje dydaktyczne
385 _mPoziom nauczania
_aSzkoły wyższe
388 _a2001-
504 _aBibliogr. przy rozdz.
521 8 _aPodręcznik dla studentów medycyny i lekarzy.
650 7 _aEkologia człowieka
_2DBN
650 7 _aZdrowe odżywianie
_2DBN
655 7 _aPodręczniki akademickie
_2DBN
658 _aOchrona środowiska
658 _aMedycyna i zdrowie
700 1 _aKolarzyk, Emilia
_eRedakcja
710 2 _aWydawnictwo Uniwersytetu Jagiellońskiego
_4pbl
856 _uhttp://koha.tu.koszalin.pl/cgi-bin/koha/opac-detail.pl?biblionumber=55756
_yKatalog online BPK
942 _2UKD
_cKS
999 _c55756
_d55756